Normal view MARC view
  • Cooper, Donald R & Sehimdlers, Pamda S

Entry Personal Name

Number of records used in: 1

001 - CONTROL NUMBER

  • control field: 7854

003 - CONTROL NUMBER IDENTIFIER

  • control field: JRU

005 - DATE AND TIME OF LATEST TRANSACTION

  • control field: 20230601112326.0

008 - FIXED-LENGTH DATA ELEMENTS

  • fixed length control field: 230601|| aca||aabn | a|a d

040 ## - CATALOGING SOURCE

  • Original cataloging agency: JRU
  • Transcribing agency: JRU

100 ## - HEADING--PERSONAL NAME

  • Personal name: Cooper, Donald R & Sehimdlers, Pamda S

670 ## - SOURCE DATA FOUND

  • Source citation: Work cat.: (JRU)2092: Cooper, Donald R & Sehimdlers, Pamda S, Marketing Research Concept and Cases, 2006